000
00148 a2200085 4500
041
_a
spa
245
_a
El Gran Camino Inka
942
_c
BK
952
_7
1
999
_c
24342
_d
24342